Open Data Biblioteca Nacional de Portugal


República Portuguesa: Ministério da Cultura
Biblioteca Nacional de Portugal

Catálogo da BNP: acesso por Identificadores Unívocos
Registos Bibliográficos associados ao registo de autoridade

Etiqueta de registo: 00254nbm 2200025 450
001 2283356
003 http://id.bnportugal.gov.pt/bib/catbnp/2283356
100 ## $a20260331d m y0pory01030103ba
101 0# $apor
102 ## $aPT
105 ## $ay z 000yy
106 ## $ah
200 1# $a [ Respostas do Desembargador Manuel Lopes de Oliveira dadas como Procurador da Coroa]$bManuscrito]
210 #1 $d[1688
215 ## $af.$d32 cm
300 ## $aCópia, com letra de varias mãos
304 ## $a"Este Livro he hum copiador autttografo do Procurador da Coroa o D[e]z[embarga]dor Manoel Lopes de Oliv[ei]ra q[ue] fez as notas ao repertorio da [...] " (nota autografa e assinada por Abel Maria Jordão Paiva Manso)
307 ## $aFragmentos intercalares colados; folhas brancas no final do códice (f. 195-233)
307 ## $aManchado pela acção da tinta ferrogálica e humidade
316 ## $aCota antiga: U-7-9
317 ## $a"Comprado em Novembro de 1872" (nota ms. a lápis na contracapa)
327 11 $a"Tabuada do q[ue] se, contem neste livro q[ue] he de alguas respostas q[ue] dei como Procurador da Coroa, e outras a sua Mag[esta]de sendo consultado"
700 #1 $aOliveira,$bManuel Lopes de,$f1638?-1711390$31994455
702 #1 $aManso,$bAbel Maria Jordão de Paiva,$f1801-1868$4390$31773694
801 #0 $aPT$bBN$gRPC
966 ## $lBN$mRESMAN$sCOD. 6977
971 ## $cmrosario$d20260401

OpendataBNP@bnportugal.pt | Mais informação sobre acesso aos dados BNP